000 00324nam a2200109Ia 4500
008 200302s9999 xx 000 0 und d
100 _aEdward Hollis
245 _aThe secret lives of buildings from the parthenon to the vegas strip in thirteen stories
260 _bPortobello Books Ltd.,
260 _c2009
300 _a388 P.,
999 _c4160
_d4160